000
00313nam a2200121Ia 4500
008
190216s9999||||xx |||||||||||||| ||und||
100
_a
Hajela P D
245
0
_a
Problems Of Monetary Policy In Under Developed Countries
260
_b
Sulthan Chand&Sons
_c
1973
300
_a
298p
650
_a
Commerce
942
_c
BK
999
_c
4775
_d
4775